Nové aspekty aktívnej politiky trhu práce v Českej a Slovenskej republike

Realizácia politiky zamestnanosti a aktívnej politiky trhu práce v Českej a Slovenskej republike. Nové aspekty v tejto oblasti. Porovnanie vývoja miery nezamestnanosti a trhu práce v SR a ČR. Záver príspevku hovorí o výsledkoch realizácie aktívnej politiky zamestnanosti a je vlastne určitou jej komp...

Descripción completa

Guardado en:
Detalles Bibliográficos
Autor principal: Grandtnerová, Lenka
Formato: Capítulo de libro
Lenguaje:eslovaco
Materias:
Etiquetas: Agregar Etiqueta
Sin Etiquetas, Sea el primero en etiquetar este registro!

MARC

LEADER 00000nla$a2200000$$$4500
001 0123767
005 20240502072410.1
041 0 |a slo 
044 |a SK 
245 1 0 |a Nové aspekty aktívnej politiky trhu práce v Českej a Slovenskej republike  |c Lenka Grantnerová 
520 |a Realizácia politiky zamestnanosti a aktívnej politiky trhu práce v Českej a Slovenskej republike. Nové aspekty v tejto oblasti. Porovnanie vývoja miery nezamestnanosti a trhu práce v SR a ČR. Záver príspevku hovorí o výsledkoch realizácie aktívnej politiky zamestnanosti a je vlastne určitou jej komparáciou za najnovšie dostupné údaje oboch krajín. 
610 2 0 |a trh práce 
610 2 0 |a politika zamestnanosti 
610 2 0 |a miera nezamestnanosti 
610 2 0 |a Česko 
610 2 0 |a Slovensko 
100 1 |a Grandtnerová, Lenka